00763nas a22001817a 450000500170000000800410001704000130005824500490007126000960012030000120021631000110022836200620023950000820030165000600038365100440044370000340048771000600052120260528104900.0260528b19771981porz||j| |||| 00| z por d cBR-ViAPE aBoletim da C.L.C.I - Cachoeiro de Itapemirim aCachoeiro de ItapemirimbCooperativa "Laticínios Cachoeiro de Itapemirim Ltda"c1977-1981 av.bil. aMensal aAno 25, n. 323 (jun. 1977) - ano 30, n. 368 (mar. 1981).  aColeção incompleta: disponíveis apenas alguns números do periódico. aCooperativaxLaticíniosxCooperadoszEspírito Santo aEspírito Santo (Brasil)vPeriódicos aBarbosa, Ryve CamposeDiretor aCooperativa "Laticínios Cachoeiro de Itapemirim Ltda"